00493nam a22001337a 4500008004100000040005500041080002300096245010900119260003800228300001500266650002800281653002600309700002400335230329b |||||||| |||| 00| 0 eng d aNational Science LibrarycNational Science Library aD 77.02(082.2)bK2 aScientific photography c/Pergamon Press, Proceedings of the international colloquium held at liege 1959 aOxford: bPergamon Press, c1962  aix, 617p.  aScientific photography  aElectronic processes  aSauvenier, H (Ed.)